[Event "World Amateur-ch U1700"]
[Site "Muscat"]
[Date "2023.11.02"]
[Round "1.6"]
[White "Al Shereiqi, Nasir"]
[Black "Pak, Vadim"]
[Result "0-1"]
[WhiteElo "1241"]
[BlackElo "1669"]
[PlyCount "63"]
[EventDate "2023.11.02"]
[EventType "swiss"]
[EventRounds "9"]
[EventCountry "OMN"]
[SourceTitle "CB46_2023"]
[SourceDate "2023.11.15"]
[SourceVersion "1"]
[SourceVersionDate "2023.11.15"]
[SourceQuality "1"]

1. c4 Nf6 2. Nc3 c5 3. Nf3 Nc6 4. e3 g6 5. Be2 Bg7 6. 0-0 0-0 7. d4 cxd4 8. exd4 d5 9. h3 a6 10. c5 Ne4 11. Be3 f5 12. Nxe4 dxe4 13. Bc4+ Kh8 14. Ng5 Qe8 15. f4 e6 16. Bxe6 Bxe6 17. Nxe6 Qxe6 18. d5 Qd7 19. dxc6 Qxc6 20. Bd4 Rfd8 21. Bxg7+ Kxg7 22. Qc2 Rd5 23. b4 Rad8 24. Rac1 Rd2 25. Qc3+ Kf7 26. Ra1 e3 27. Qb3+ Kf8 28. Rf3 R8d3 29. Qb1 Qd5 30. c6 bxc6 31. b5 Rd1+ 32. Qxd1 0-1

[Event "OMA-ch"]
[Site "Muscat"]
[Date "2021.09.28"]
[Round "8"]
[White "Al Shereiqi, Nasir"]
[Black "Al Kathiri, Mana"]
[Result "0-1"]
[WhiteElo "1371"]
[BlackElo "1521"]
[PlyCount "71"]
[EventDate "2021.09.22"]
[EventType "swiss"]
[EventRounds "9"]
[EventCountry "OMN"]
[SourceTitle "EXT 2023"]
[Source "ChessBase"]
[SourceDate "2022.10.05"]
[SourceVersion "1"]
[SourceVersionDate "2022.10.05"]
[SourceQuality "1"]

1. c4 e6 2. Nf3 Nf6 3. e3 d5 4. Be2 b6 5. d4 Nbd7 6. Nc3 Bb7 7. Qa4 Be7 8. 0-0 0-0 9. cxd5 Nxd5 10. Qc2 a6 11. a3 N7f6 12. e4 Nxc3 13. Qxc3 Nxe4 14. Qc2 h6 15. Bf4 Bd6 16. Be3 f5 17. Rac1 Rc8 18. Qc4 Qf6 19. Rcd1 b5 20. Qc2 g5 21. Ne5 Qg7 22. f3 Nf6 23. Nc6 Nd5 24. Bf2 Nf4 25. Rfe1 g4 26. Bf1 gxf3 27. g3 Qg4 28. Rd2 Rf6 29. Kh1 Nh3 30. Bxh3 Qxh3 31. Rg1 Rg6 32. b4 Rg5 33. Be3 Rxg3 34. Rdd1 Bxc6 35. Qxc6 Rg2 36. Bf4 0-1

[Event "OMA-ch"]
[Site "Muscat"]
[Date "2019.12.07"]
[Round "7"]
[White "Al Shereiqi, Nasir"]
[Black "Al Mamari, Khalid Ahmed"]
[Result "0-1"]
[WhiteElo "1375"]
[BlackElo "1198"]
[PlyCount "35"]
[EventDate "2019.12.02"]
[EventType "swiss"]
[EventRounds "9"]
[EventCountry "OMN"]
[SourceTitle "CBM 195 Extra"]
[Source "ChessBase"]
[SourceDate "2020.05.31"]
[SourceVersion "1"]
[SourceVersionDate "2020.05.31"]
[SourceQuality "1"]

1. c4 e5 2. Nc3 Bb4 3. g3 Nf6 4. Bg2 Bxc3 5. bxc3 Nc6 6. e3 0-0 7. Ne2 d5 8. cxd5 Nxd5 9. 0-0 Re8 10. Re1 Nb6 11. d4 e4 12. Qc2 Qd5 13. Nf4 Qf5 14. a3 Nd5 15. Nxd5 Qxd5 16. c4 Qf5 17. Bb2 Qg6 18. h3 0-1

[Event "OMA-ch"]
[Site "Muscat"]
[Date "2019.12.04"]
[Round "3"]
[White "Al Shereiqi, Nasir"]
[Black "Al Shabibi, Al Yaqdhan"]
[Result "1/2-1/2"]
[WhiteElo "1375"]
[BlackElo "1565"]
[PlyCount "61"]
[EventDate "2019.12.02"]
[EventType "swiss"]
[EventRounds "9"]
[EventCountry "OMN"]
[SourceTitle "CBM 195 Extra"]
[Source "ChessBase"]
[SourceDate "2020.05.31"]
[SourceVersion "1"]
[SourceVersionDate "2020.05.31"]
[SourceQuality "1"]

1. c4 e5 2. Nc3 Nf6 3. g3 c6 4. Bg2 Bb4 5. Qc2 d5 6. cxd5 cxd5 7. e3 0-0 8. Nge2 Nc6 9. 0-0 Re8 10. d3 Bf5 11. e4 dxe4 12. dxe4 Bg6 13. Bg5 Be7 14. Rfd1 Qc7 15. Bxf6 gxf6 16. Nd5 Qa5 17. Nxe7+ Nxe7 18. Qb3 Bh5 19. Re1 b6 20. h3 Red8 21. g4 Bg6 22. Red1 Rac8 23. Rxd8+ Rxd8 24. Rd1 Rxd1+ 25. Qxd1 Kg7 26. a3 Nc6 27. f4 Qc5+ 28. Kh2 exf4 29. Nxf4 Qe5 30. Kg3 Nd4 31. Qd3 1/2-1/2